Introducción a la criminología, con especial referencia al medio venezolano
Bewaard in:
| Hoofdauteur: | |
|---|---|
| Formaat: | Boek |
| Taal: | Spaans |
| Gepubliceerd in: |
Caracas
Universidad Central de Venezuela
1966
|
| Editie: | 2a. ed |
| Reeks: | Colección Tesis de Doctorado, 5
|
| Onderwerpen: | |
| Tags: |
Voeg label toe
Geen labels, Wees de eerste die dit record labelt!
|
MARC
| LEADER | 00000nam a2200000 a 4500 | ||
|---|---|---|---|
| 001 | UCY7412 | ||
| 003 | CL-VaPUC | ||
| 008 | 950614e19660000VE |||||||||||||||||spa|d | ||
| 082 | 0 | 4 | |a 364.2 |b GOM |2 21 |
| 100 | 0 | |a Gómez Grillo, Elio |e author |9 337940 | |
| 245 | 1 | 0 | |a Introducción a la criminología, con especial referencia al medio venezolano |
| 250 | |a 2a. ed | ||
| 300 | |a 460 p | ||
| 942 | |c BK | ||
| 945 | |d 19950614 00:00:00 |a aalvarez | ||
| 260 | |a Caracas |b Universidad Central de Venezuela |c 1966 | ||
| 650 | 0 | |a Delitos |9 224143 | |
| 650 | 0 | |a Delincuencia |9 335739 | |
| 650 | 0 | |a Criminología |9 256168 | |
| 651 | 0 | |a Venezuela |9 254993 | |
| 583 | |a last modification |c 19950614 00:00:00 |k Rodrigo Vera | ||
| 490 | 0 | |a Colección Tesis de Doctorado, 5 | |
| 999 | |c 234811 |d 234809 | ||
| 952 | |0 0 |1 0 |4 0 |6 364_200000000000000_GOM_1966 |7 0 |8 A |9 241528 |a BIBDER |b BIBDER |d 2019-11-18 |i 2007967 |o 364.2 GOM 1966 |p 2007967 |r 2023-01-25 |w 2019-11-18 |y BK |k DER | ||